00281nam a2200097Ia 4500008004100000100001900041245005700060260004200117300000800159650001600167191201s2007 xx 000 0 und d aBUEDE,Dennis M 4aThe Engineering Design of Systems Models and Methods aN. DelhibWiley Dreautech Indiac2007 a762 aM.Tech (ME)